| 000 | 00515nam a22001697a 4500 | ||
|---|---|---|---|
| 003 | OSt | ||
| 008 | 200715b ||||| |||| 00| 0 eng d | ||
| 020 | _a9789388293686 | ||
| 082 | _a615.19 SHP | ||
| 100 | _aShaikh , Tanvir Y & Jain ,Bharat V , Usman , Md. Rageeb Md. | ||
| 245 | _aPractical Book of Physical Pharmaceutics-II | ||
| 250 | _a2018 | ||
| 260 |
_aNew Delhi _bNirali |
||
| 300 | _aPg-58 | ||
| 650 | _aPharmaceutics- Drug Delivery Systems,Pharmaceutical Engineering regulraty Science | ||
| 942 |
_2ddc _cBK |
||
| 999 |
_c8998 _d8998 |
||